000 00406nam a2200133Ia 4500
008 231129s1996||||xx |||||||||||||| ||spa||
040 _bspa
082 _a375.001 L864m
100 _aLopez Jiménez Nelson Ernesto
245 0 _aModernización curricular de las instituciones educativas: Los PEI de cara al siglo XX
260 _c1996
264 _aBogotá Colombia : Libros y Libres
942 _2ddc
_cBKS
999 _c21351
_d21351